| Tag |
First Indicator |
Second Indicator |
Subfields |
| LEADER |
00000cam a2200000 i 4500 |
| 001 |
in00005712821 |
| 005 |
20260319161919.6 |
| 006 |
m o d |
| 007 |
cr |n||||||||| |
| 008 |
160309t20162016nyuab ob 001 0 eng d |
| 040 |
|
|
|a YDXCP
|b eng
|e rda
|e pn
|c YDXCP
|d YDX
|d OCLCO
|d OCLCF
|d OH1
|d OCL
|d IOG
|d QCL
|d OCLCQ
|d STBDS
|d CUS
|d Z5A
|d FIE
|d U3W
|d CEF
|d OCLCA
|d KSU
|d OCLCQ
|d OTZ
|d WYU
|d OL$
|d OCLCQ
|d UKAHL
|d OCL
|d OCLCO
|d OCLCQ
|d OCLCO
|d OCLCL
|d OCLCQ
|d MUQ
|d CLOUD
|d UKKRT
|d DXU
|d OCLCQ
|d OCLCO
|
| 020 |
|
|
|a 9780191815041
|q (electronic bk.)
|
| 020 |
|
|
|a 0191815047
|q (electronic bk.)
|
| 020 |
|
|
|z 9780198753407
|q (print)
|
| 035 |
|
|
|a (OCoLC)944211464
|
| 043 |
|
|
|a e------
|a a-tu---
|
| 050 |
|
4 |
|a HE242.8
|b .T64 2016
|
| 082 |
0 |
4 |
|a 388.094
|2 23
|
| 049 |
|
|
|a TXAM
|
| 100 |
1 |
|
|a Togan, Sübidey,
|e author.
|1 https://id.oclc.org/worldcat/entity/E39PCjFDCC8Hv3gDqbQwfhdjVK
|
| 245 |
1 |
0 |
|a Liberalization of transportation services in the EU and Turkey /
|c Sübidey Togan.
|
| 264 |
|
1 |
|a New York, NY :
|b Oxford University Press,
|c 2016.
|
| 264 |
|
4 |
|c ©2016
|
| 300 |
|
|
|a 1 online resource :
|b illustrations, maps
|
| 336 |
|
|
|a text
|b txt
|2 rdacontent
|
| 337 |
|
|
|a computer
|b c
|2 rdamedia
|
| 338 |
|
|
|a online resource
|b cr
|2 rdacarrier
|
| 504 |
|
|
|a Includes bibliographical references and index.
|
| 520 |
8 |
|
|a This volume examines international and regional rules and regulations in road transportation, rail transportation, maritime transportation, and air transportation, within a regional context that concentrates on the case of Turkey.
|
| 588 |
0 |
|
|a Print version record.
|
| 505 |
0 |
|
|a Transportation costs, trade, and global value chains -- Transport sectors in Turkey -- The regulatory framework in road freight transportation -- The regulatory framework in rail transport services -- The regulatory framework in maritime transportation -- The regulatory framework in air transportation -- Liberalizing transport sectors and the effects of infrastructure development : the Turkish case.
|
| 650 |
|
0 |
|a Transportation
|z European Union countries.
|
| 650 |
|
0 |
|a Transportation
|z Turkey.
|
| 650 |
|
6 |
|a Transport
|z Pays de l'Union européenne.
|
| 650 |
|
6 |
|a Transport
|z Turquie.
|
| 650 |
|
7 |
|a International.
|2 bisacsh
|
| 650 |
|
7 |
|a BUSINESS & ECONOMICS.
|2 bisacsh
|
| 650 |
|
7 |
|a Industries.
|2 bisacsh
|
| 650 |
|
7 |
|a Transportation
|2 fast
|
| 651 |
|
7 |
|a Turkey
|2 fast
|1 https://id.oclc.org/worldcat/entity/E39PBJxmHG9jJjCTM3y4pFRqcP
|
| 651 |
|
7 |
|a European Union countries
|2 fast
|
| 655 |
|
7 |
|a Electronic books.
|2 local
|
| 776 |
0 |
8 |
|i Print version:
|a Togan, Sübidey.
|t Liberalization of transportation services in the EU and Turkey.
|z 0198753403
|z 9780198753407
|w (OCoLC)930485884
|
| 856 |
4 |
0 |
|u http://proxy.library.tamu.edu/login?url=https://academic.oup.com/book/3466
|z Connect to the full text of this electronic book
|t 0
|
| 955 |
|
|
|a Oxford Scholarship Online
|
| 994 |
|
|
|a 92
|b TXA
|
| 999 |
f |
f |
|i 18d8f11f-ac6b-4b5f-ab3d-0852aef98859
|s e4a794e1-aab8-42e1-b11e-9ef32742b427
|t 0
|
| 952 |
f |
f |
|a Texas A&M University
|b College Station
|c Electronic Resources
|s www_evans
|d Available Online
|t 0
|e HE242.8 .T64 2016
|h Library of Congress classification
|
| 998 |
f |
f |
|a HE242.8 .T64 2016
|t 0
|l Available Online
|